00675nam a22002177a 450000500170000001000130001702000220003003500130005203700160006504000120008108200170009310000180011024500810012826000460020927000400025530000200029549000390031550000500035465000260040465000270043020170124105958.0 aA-705477 a8121003237c00.00 aA-705477 bCen Lib/Ret aDPLbEN a364.374bSAX aSaxena, Rekha aWomen crime in India :ba study in sociocultural dynamics /cby Rekha Saxena aNew DelhibInter-India publicationsc1994 aD-17,Raja GardenbNew Delhie110015 a200p.c20cm(Hb) aWomen in south Asia series vw 015 aIncludes bibliographical reference and index  aWomen and crime-India aFemale offenders-India